Who is Who in the Mahabharata (Record no. 1391106)

MARC details
000 -LEADER
fixed length control field 00607nam a2200253Ia 4500
008 - FIXED-LENGTH DATA ELEMENTS--GENERAL INFORMATION
fixed length control field 160620s9999||||xx |||||||||||||| ||und||
040 ## - CATALOGING SOURCE
Transcribing agency English
082 ## - DEWEY DECIMAL CLASSIFICATION NUMBER
Classification number XVA/
082 ## - DEWEY DECIMAL CLASSIFICATION NUMBER
Item number BORI-59782
100 ## - MAIN ENTRY--PERSONAL NAME
Personal name Ranganathanand
245 ## - TITLE STATEMENT
Title Who is Who in the Mahabharata
300 ## - PHYSICAL DESCRIPTION
Extent xi+344
300 ## - PHYSICAL DESCRIPTION
Dimensions A
300 ## - PHYSICAL DESCRIPTION
Accompanying material Hardbound
530 ## - ADDITIONAL PHYSICAL FORM AVAILABLE NOTE
Uniform Resource Identifier <a href="00059782.pdf">00059782.pdf</a>
563 ## - BINDING INFORMATION
Binding note Ref
600 ## - SUBJECT ADDED ENTRY--PERSONAL NAME
Personal name Ranganathanand
630 ## - SUBJECT ADDED ENTRY--UNIFORM TITLE
Uniform title Who is Who in the Mahabharata
650 ## - SUBJECT ADDED ENTRY--TOPICAL TERM
Topical term or geographic name as entry element Encyclopedia
650 ## - SUBJECT ADDED ENTRY--TOPICAL TERM
Topical term or geographic name as entry element Reference
700 ## - ADDED ENTRY--PERSONAL NAME
Personal name Ranganathanand
730 ## - ADDED ENTRY--UNIFORM TITLE
Uniform title Who is Who in the Mahabharata
942 ## - ADDED ENTRY ELEMENTS (KOHA)
Koha item type Book
Holdings
Withdrawn status Lost status Damaged status Not for loan Home library Current library Date acquired Total Checkouts Full call number Barcode Date last seen Price effective from Koha item type
        Bhandarkar Oriental Research Institute, Pune Bhandarkar Oriental Research Institute, Pune 01/23/1989   BORI-59782 BORI-59782 06/21/2016 06/21/2016 Book